000 00985nam a2200229 i 4500
001 177863
003 ES-MaACL
005 20251220171939.0
008 110503s1958 mx |||| | spa d
080 _a539.12.047
245 0 4 _aLos efectos biológicos de la radiación atómica /
_cAcademia Nacional de Ciencias de los Estados Unidos de Norteamérica.
260 _aMéxico :
_bUniversidad Nacional de México,
_c1958.
300 _ap. 127-241 ;
_c21 cm.
490 1 _aSeminario de Problemas Científicos y Filosóficos. Suplementos ;
_v2ª serie ;
_v14
650 0 4 _aRadiactividad.
_916659
650 7 _aRadiación-
_xEfectos fisiológicos
_2
_9146347
710 2 _aNational Academy of Sciences (Estados Unidos)
_9146346
710 2 _aUniversidad Nacional Autónoma de México.
_97397
830 0 _aSeminario de Problemas Científicos y Filosóficos. Suplementos
_v2ª serie ;
_v14
_9190619
852 _aES-MaACL
_j2297-F-21
_xOlim P-902
999 _c177863
_d177863